Normal view
MARC view
Entry Personal Name
001 - CONTROL NUMBER
- control field: 76817
003 - CONTROL NUMBER IDENTIFIER
- control field: OSt
005 - DATE AND TIME OF LATEST TRANSACTION
- control field: 20190925171729.0
008 - FIXED-LENGTH DATA ELEMENTS
- fixed length control field: 190925|| aca||aabn | a|a d
040 ## - CATALOGING SOURCE
- Original cataloging agency: OSt
- Transcribing agency: OSt
100 ## - HEADING--PERSONAL NAME
- Personal name: डॉ बी के शुक्ल
670 ## - SOURCE DATA FOUND
- Source citation: Work cat.: (OSt): डॉ बी के शुक्ल, मेरे गुरूदेव रामकृष्ण परमहंस, 2018









